| 000 | 00474nam a2200169Ia 4500 | ||
|---|---|---|---|
| 999 |
_c21303 _d21303 |
||
| 003 | OSt | ||
| 005 | 20200609102041.0 | ||
| 008 | 190216s9999||||xx |||||||||||||| ||und|| | ||
| 020 | _a9780199537280 | ||
| 040 | _coclc | ||
| 082 |
_a320.1 _bHOB/L |
||
| 100 |
_aHobbes, Thomas _92656 |
||
| 245 | 0 |
_aLeviathan / _cThomas Hobbes |
|
| 260 |
_bOxford University Press, _aNew Delhi; _c2008. |
||
| 300 | _a508p | ||
| 942 |
_cBK _2ddc _h320.1 _iHOB/L _k320.1 _mHOB/L |
||